[Event "Liberec op 14th"]
[Site "Liberec"]
[Date "2013.11.01"]
[Round "8"]
[White "Voelz, Stephan"]
[Black "Kucera, Jaroslav"]
[Result "1-0"]
[WhiteElo "1929"]
[BlackElo "2003"]
[PlyCount "137"]
[EventDate "2013.10.26"]
[EventType "swiss"]
[EventRounds "9"]
[EventCountry "CZE"]
[SourceTitle "EXT 2014"]
[Source "ChessBase"]
[SourceDate "2013.11.20"]
[SourceVersion "1"]
[SourceVersionDate "2013.11.20"]
[SourceQuality "1"]

1. d4 d6 2. Bf4 Nf6 3. Nf3 Bg4 4. Nbd2 Nh5 5. Bg5 h6 6. Bh4 g5 7. Bg3 f5 8. e3 e6 9. h3 Nxg3 10. fxg3 Bh5 11. c3 c6 12. Qc2 Bf7 13. Bd3 Nd7 14. e4 fxe4 15. Bxe4 d5 16. Bg6 Qf6 17. Bxf7+ Qxf7 18. 0-0 Qh7 19. Qxh7 Rxh7 20. Rae1 Re7 21. Nb3 b6 22. Nc1 Bg7 23. Nd3 c5 24. Nde5 Nxe5 25. Nxe5 cxd4 26. cxd4 Rc8 27. Rf3 Bxe5 28. Rxe5 Rc1+ 29. Kh2 Rd1 30. Rf6 Kd7 31. Rxh6 Rxd4 32. Rxg5 e5 33. Rgg6 e4 34. Rd6+ Kc7 35. Rc6+ Kb7 36. Rce6 Rf7 37. g4 Rf2 38. g5 Rdd2 39. Kg3 Rxg2+ 40. Kh4 Rd4 41. Kh5 Rd3 42. h4 e3 43. Re7+ Ka6 44. Rhe6 d4 45. g6 Rd1 46. g7 Rdg1 47. Kh6 d3 48. Rxe3 d2 49. Ra3+ Kb5 50. Re5+ Kc6 51. Rc3+ Kd6 52. Rg5 Rxg5 53. hxg5 d1Q 54. g8Q Rh1+ 55. Kg7 Qd4+ 56. Kg6 Qe4+ 57. Kg7 Qe5+ 58. Kg6 Rh8 59. Rd3+ Kc7 60. Qg7+ Qxg7+ 61. Kxg7 Rh2 62. Rg3 Kd7 63. b3 Rxa2 64. g6 Rh2 65. Kf7 Rf2+ 66. Kg8 a5 67. g7 Ke7 68. Kh7 Rh2+ 69. Kg6 1-0

[Event "Liberec Desko op"]
[Site "Liberec"]
[Date "2013.07.25"]
[Round "7"]
[White "Braun, Marek"]
[Black "Kucera, Jaroslav"]
[Result "1-0"]
[WhiteElo "2223"]
[BlackElo "2011"]
[PlyCount "25"]
[EventDate "2013.07.20"]
[EventType "swiss"]
[EventRounds "9"]
[EventCountry "CZE"]
[SourceTitle "CBM 155 Extra"]
[Source "ChessBase"]
[SourceDate "2013.08.26"]
[SourceVersion "1"]
[SourceVersionDate "2013.08.26"]
[SourceQuality "1"]

1. Nf3 d6 2. d4 Bg4 3. e4 Nd7 4. Be2 e6 5. 0-0 Be7 6. h3 Bh5 7. Nc3 Ngf6 8. Bf4 c6 9. Qd2 0-0 10. a4 Qa5 11. Rfe1 Kh8 12. g4 Bg6 13. Nh4 1-0